[Event "World Blitz 2015"]
[Site "Berlin GER"]
[Date "2015.10.13"]
[Round "9.4"]
[White "Korobov, Anton"]
[Black "Petrosian, Tigran L."]
[Result "0-1"]
[WhiteTitle "GM"]
[BlackTitle "GM"]
[WhiteElo "2700"]
[BlackElo "2625"]
[WhiteFideId "14105730"]
[BlackFideId "13301616"]
[EventDate "2015.10.13"]

1. d4 d6 2. Nf3 Bg4 3. e4 e6 4. c4 Nd7 5. Nc3 Be7 6. Be2 Ngf6 7. e5 dxe5 8. dxe5
Ng8 9. Bf4 Nh6 10. h3 Bxf3 11. Bxf3 c6 12. g4 Qc7 13. Qe2 O-O-O 14. O-O-O f5 15.
Rd6 g5 16. Rxe6 Nc5 17. Rxh6 Nd3+ 18. Kb1 Nxf4 19. Qc2 fxg4 20. Bxg4+ Kb8 21.
Rxh7 Rxh7 22. Qxh7 Qxe5 23. Qe4 Qxe4+ 24. Nxe4 Rd4 25. Re1 Rxc4 26. Nd2 Nd3 27.
Nxc4 Nxe1 28. f3 Bf6 29. b3 Kc7 30. Nd2 Nd3 31. Ne4 Be7 32. Kc2 Nb4+ 33. Kb2 b5
34. a3 Nd5 35. b4 Ne3 36. Kb3 Kb6 37. Bd7 Nd5 38. Be6 Nf4 39. Bd7 Nd3 40. Bg4 a5
41. bxa5+ Kxa5 42. Bd7 Ne5 43. Be8 Kb6 44. a4 bxa4+ 45. Kxa4 Nxf3 46. Bh5 Nd4
47. Bf7 Kc7 48. Bc4 Kd7 49. Ka5 Kc7 50. Ka4 Nf3 51. Be2 Nd4 52. Bc4 Kb7 53. Ka5
Kc7 54. Ka4 Kb6 55. Bf1 c5 56. Nd2 Kc6 57. Bg2+ Kd6 58. Nc4+ Ke6 59. Be4 Ne2 60.
Kb3 Nf4 61. Bf3 Kf5 62. Ne3+ Ke5 63. Nc4+ Kd4 64. Bg4 Ke4 65. Kc2 Nd5 66. Nd2+
Ke3 67. Nc4+ Kf4 68. Kd3 Kg3 69. Ne3 Nf4+ 70. Ke4 Nxh3 71. Bd7 Nf2+ 72. Kd5 Kf4
73. Ng2+ Kf3 74. Ne1+ Kg3 75. Nc2 Kf4 76. Ne1 g4 77. Kc4 g3 78. Bc6 Ke3 79. Ng2+
Kd2 80. Nf4 Ng4 81. Ba8 Bd6 82. Ne6 Ne3+ 83. Kb5 c4 84. Nd4 c3 85. Nb3+ Kd3 86.
Nc1+ Kd2 87. Nb3+ Kc2 88. Nd4+ Kd3 89. Nf3 c2 90. Ne1+ Ke2 91. Nxc2 Nxc2 92. Kc4
Ne3+ 93. Kc3 g2 94. Bxg2 Nxg2 95. Kc4 Ke3 96. Kd5 Bg3 97. Kc4 Nf4 98. Kc5 Ke4
99. Kc6 Bf2 100. Kd6 Kd4 101. Kc6 Nd5 102. Kd6 Bg3+ 103. Kc6 Nb4+ 104. Kb5 Bd6
105. Kb6 Kc4 106. Kb7 Kc5 107. Ka8 Kc6 108. Ka7 Nd5 109. Ka8 Nb6+ 110. Ka7 Bc7
111. Ka6 Bb8 112. Ka5 Nd5 113. Ka6 Nb4+ 114. Ka5 Kc5 115. Ka4 Kc4 116. Ka5 Bc7+
117. Ka4 Bb6 118. Ka3 Nd3 119. Ka4 Nb2+ 120. Ka3 Kc3 121. Ka2 Kc2 122. Ka3 Bc5+
123. Ka2 Nd3 124. Ka1 Bf8 125. Ka2 Nc1+ 126. Ka1 Bg7# 0-1

[Event "World Blitz 2015"]
[Site "Berlin GER"]
[Date "2015.10.13"]
[Round "9.5"]
[White "Ghaem Maghami, Ehsan"]
[Black "Vovk, Yuri"]
[Result "1/2-1/2"]
[WhiteTitle "GM"]
[BlackTitle "GM"]
[WhiteElo "2596"]
[BlackElo "2617"]
[WhiteFideId "12500739"]
[BlackFideId "14113171"]
[EventDate "2015.10.13"]

1. c4 e5 2. Nc3 Nf6 3. Nf3 Nc6 4. e4 Bc5 5. Nxe5 Nxe5 6. d4 Bb4 7. dxe5 Nxe4 8.
Qf3 Nxc3 9. bxc3 Be7 10. Qg3 g6 11. Bh6 d6 12. Rd1 Be6 13. Be2 Qd7 14. Bf4 O-O
15. O-O Qa4 16. exd6 cxd6 17. Bxd6 Bxd6 18. Qxd6 Qxa2 19. Rd2 Qa5 20. Qb4 Qc7
21. Bf3 Bxc4 22. Rfd1 a5 23. Qxb7 Qxb7 24. Bxb7 Ra7 25. Bd5 Bxd5 26. Rxd5 Rc8
27. Rd8+ Rxd8 28. Rxd8+ Kg7 29. Kf1 a4 30. Rd2 Kf6 31. Ke2 Ke6 32. Ra2 a3 33.
Kd3 Kd5 34. h3 Ra4 35. c4+ Kc5 36. Kc3 h5 37. Kb3 Ra7 38. h4 f6 39. Kc3 g5 40.
g3 gxh4 41. gxh4 Ra8 42. Kb3 Rd8 43. Kc3 Rd4 44. Rxa3 Rxc4+ 45. Kd3 Rxh4 46. Ra6
Rf4 47. Ke3 Rg4 48. Rxf6 h4 49. Rh6 Kd5 50. f3 Ra4 51. Rh5+ Ke6 52. Kf2 Kf6 53.
Kg2 Kg6 54. Rh8 Kg5 55. Kh3 Ra3 56. Rg8+ Kh5 57. Rf8 Rb3 58. Rf4 Kg5 59. Rg4+
Kf5 60. Kxh4 Rxf3 1/2-1/2

[Event "World Blitz 2015"]
[Site "Berlin GER"]
[Date "2015.10.13"]
[Round "9.6"]
[White "Perunovic, Milos"]
[Black "Edouard, Romain"]
[Result "1/2-1/2"]
[WhiteTitle "GM"]
[BlackTitle "GM"]
[WhiteElo "2622"]
[BlackElo "2636"]
[WhiteFideId "921629"]
[BlackFideId "633429"]
[EventDate "2015.10.13"]

1. e4 c5 2. Nf3 d6 3. d4 cxd4 4. Nxd4 Nf6 5. Nc3 g6 6. Be3 Bg7 7. f3 Nc6 8. Qd2
O-O 9. O-O-O d5 10. Nxc6 bxc6 11. Bh6 Rb8 12. Bxg7 Kxg7 13. exd5 cxd5 14. Nxd5
Nxd5 15. Qxd5 Qc7 16. Qc4 Qb7 17. Qd4+ Kg8 18. Bc4 Bf5 19. g4 Bd7 20. Rhe1 Bc6
21. f4 Bf3 22. Be2 Bd5 23. Ba6 Qxa6 24. Qxd5 e6 25. Qd4 Qxa2 26. Rd3 h5 27. gxh5
Qa1+ 28. Kd2 Qa5+ 29. Qc3 Qxh5 30. Rh3 Qd5+ 31. Kc1 f6 32. Rg1 Qf5 33. Rhg3 Rfc8
34. Rxg6+ Kh7 35. Rg7+ Kh8 36. Qd2 Rc4 37. Rd7 Qxf4 38. Qxf4 Rxf4 39. b3 Rf2 40.
h4 Rc8 41. c4 Rb8 42. Rg3 a5 43. Ra7 Rd8 44. Rgg7 Rdd2 45. Rh7+ Kg8 46. Rhg7+
Kh8 47. Rh7+ Kg8 48. Rhg7+ Kf8 49. Rgd7 Rxd7 50. Rxd7 Rh2 51. c5 Rh3 52. Kb2
Rh2+ 53. Kc3 Rh3+ 54. Kc4 Rxh4+ 55. Kb5 Rh5 56. Kb6 Rh3 57. c6 Rxb3+ 58. Ka6 Rc3
59. Kb7 Ke8 60. Rh7 Rb3+ 61. Ka7 Rc3 62. Rh8+ Ke7 63. Kb7 Rb3+ 64. Kc8 Kd6 65.
c7 Rc3 66. Rh7 a4 67. Rd7+ Ke5 68. Kb7 f5 69. Rd3 Rc1 70. Ra3 f4 71. Rxa4 f3 72.
Ra3 Kf4 73. Ra6 Rxc7+ 74. Kxc7 e5 75. Rf6+ Kg3 76. Kd6 e4 77. Kd5 f2 78. Kxe4
Kg2 79. Ke3 f1=Q 80. Rxf1 Kxf1 1/2-1/2

[Event "World Blitz 2015"]
[Site "Berlin GER"]
[Date "2015.10.13"]
[Round "9.7"]
[White "Socko, Bartosz"]
[Black "Mamedov, Rauf"]
[Result "1-0"]
[WhiteTitle "GM"]
[BlackTitle "GM"]
[WhiteElo "2599"]
[BlackElo "2657"]
[WhiteFideId "1107038"]
[BlackFideId "13401653"]
[EventDate "2015.10.13"]

1. e4 c5 2. Nf3 d6 3. d4 Nf6 4. Nc3 cxd4 5. Nxd4 g6 6. Be3 Bg7 7. f3 Nc6 8. Qd2
O-O 9. Bc4 Bd7 10. O-O-O Rb8 11. Bb3 Na5 12. Kb1 b5 13. g4 Nc4 14. Bxc4 bxc4 15.
Ka1 Qa5 16. Nd5 Qd8 17. Bh6 Nxd5 18. exd5 c3 19. bxc3 Bxh6 20. Qxh6 Qa5 21. Qe3
Rfc8 22. Rd3 Bb5 23. Nb3 Qa3 24. Rd4 a5 25. Re1 a4 26. Qc1 Qxc1+ 27. Nxc1 Rxc3
28. Rb4 Rxc2 29. Ne2 Rd2 30. Nc3 Rc8 31. Nxb5 Rxd5 32. Na3 Rc3 33. Rxa4 Rxf3 34.
Rxe7 Rf1+ 35. Kb2 Rd2+ 36. Nc2 Rxh2 37. Rd4 Rff2 38. Rc7 Rhg2 39. a4 h5 40. gxh5
gxh5 41. a5 Rg5 42. Ra4 Rb5+ 43. Kc3 Rf3+ 44. Kc4 Rb1 45. Nd4 Rf4 46. Kd5 Rb5+
47. Kxd6 Rg5 48. a6 Rg6+ 49. Kd7 Rxa6 50. Rxa6 Rxd4+ 51. Ke7 Kg7 52. Rc5 Re4+
53. Kd7 h4 54. Rg5+ Kh7 55. Rh5+ Kg7 56. Rah6 Rd4+ 57. Kc6 Rd1 58. Rxh4 f6 59.
R6h5 Kg6 60. Rd5 Rc1+ 61. Rc5 Ra1 62. Rg4+ Kf7 63. Kd5 Rd1+ 64. Ke4 Ke6 65. Rc6+
Ke7 66. Rg7+ Kf8 67. Ra7 1-0

[Event "World Blitz 2015"]
[Site "Berlin GER"]
[Date "2015.10.13"]
[Round "9.10"]
[White "Kasimdzhanov, Rustam"]
[Black "Fedoseev, Vladimir3"]
[Result "1/2-1/2"]
[WhiteTitle "GM"]
[BlackTitle "GM"]
[WhiteElo "2704"]
[BlackElo "2659"]
[WhiteFideId "14200244"]
[BlackFideId "24130737"]
[EventDate "2015.10.13"]

1. e4 c5 2. Nf3 e6 3. d4 cxd4 4. Nxd4 Bc5 5. Nb3 Bb6 6. Nc3 Ne7 7. Bd3 O-O 8.
O-O Nbc6 9. Bg5 h6 10. Bh4 Ne5 11. Kh1 N5g6 12. Bg3 f5 13. exf5 Nxf5 14. Qe2 d5
15. Rad1 Qg5 16. Bxf5 Qxf5 17. Qb5 Qf7 18. Nc5 Bd8 19. Rfe1 b6 20. Qc6 bxc5 21.
Qxa8 Bb6 22. Qc6 h5 23. h3 h4 24. Bh2 c4 25. f3 Ne7 26. Qd6 Nf5 27. Qe5 Bc5 28.
Ne4 Be7 29. Nf2 Bf6 30. Qb8 Ba6 31. Qb4 Rc8 32. Ng4 Bd8 33. Qa4 Bb7 34. Qxa7 Ra8
35. Qc5 Rxa2 36. Qb5 Ra5 37. Qb4 Ra6 38. Ra1 Rb6 39. Qc3 Bc7 40. Bxc7 Qxc7 41.
Qe5 Qxe5 42. Nxe5 d4 43. Nxc4 Rb4 44. b3 Bd5 45. Ne5 Ne3 46. Ra4 Rb5 47. Re2 Bb7
48. Nd3 e5 49. Rb4 Rxb4 50. Nxb4 Kf7 51. c3 Kf6 52. cxd4 exd4 53. Nc2 Nf5 54.
Rd2 Ke5 55. Kg1 Ba6 56. Kf2 d3 57. Nb4 1/2-1/2

[Event "World Blitz 2015"]
[Site "Berlin GER"]
[Date "2015.10.13"]
[Round "9.14"]
[White "Svidler, Peter"]
[Black "Vitiugov, Nikita"]
[Result "1-0"]
[WhiteTitle "GM"]
[BlackTitle "GM"]
[WhiteElo "2727"]
[BlackElo "2725"]
[WhiteFideId "4102142"]
[BlackFideId "4152956"]
[EventDate "2015.10.13"]

1. Nf3 d5 2. b3 Nf6 3. Bb2 e6 4. g3 Be7 5. Bg2 O-O 6. O-O b6 7. c4 Bb7 8. d3 c5
9. cxd5 Nxd5 10. Nbd2 Nc6 11. Nc4 Bf6 12. Qc1 Nd4 13. Re1 Nxf3+ 14. Bxf3 Rb8 15.
a3 Bxb2 16. Qxb2 Ne7 17. Bxb7 Rxb7 18. b4 cxb4 19. axb4 Nf5 20. b5 Nd4 21. Ra4
Qf6 22. Ne5 Rd8 23. Rxd4 1-0

[Event "World Blitz 2015"]
[Site "Berlin GER"]
[Date "2015.10.13"]
[Round "9.16"]
[White "Melkumyan, Hrant"]
[Black "Bocharov, Dmitry"]
[Result "0-1"]
[WhiteTitle "GM"]
[BlackTitle "GM"]
[WhiteElo "2622"]
[BlackElo "2560"]
[WhiteFideId "13302485"]
[BlackFideId "4138716"]
[EventDate "2015.10.13"]

1. d4 Nf6 2. c4 e6 3. Nc3 Bb4 4. Nf3 b6 5. e3 Bb7 6. Bd3 c5 7. O-O O-O 8. Na4
cxd4 9. exd4 Re8 10. a3 Bf8 11. Bf4 d6 12. h3 Nbd7 13. Bh2 e5 14. Be2 e4 15. Nd2
g6 16. Nc3 a6 17. Bf4 Rc8 18. Rc1 Qe7 19. Re1 Bg7 20. Bf3 Ne5 21. dxe5 dxe5 22.
Ndxe4 Nxe4 23. Bxe4 exf4 24. Bxb7 Qxb7 25. Rxe8+ Rxe8 26. Nd5 Bxb2 27. Rb1 Bg7
28. Rxb6 Qc8 29. Qd3 f3 30. g3 Qxh3 31. Qf1 Re1 32. Ne7+ Kh8 33. Rb8+ Bf8 34.
Rxf8+ Kg7 35. Rg8+ Kh6 36. Nf5+ Kg5 37. Ne3 Rxf1+ 0-1

[Event "World Blitz 2015"]
[Site "Berlin GER"]
[Date "2015.10.13"]
[Round "9.17"]
[White "Morozevich, Alexander"]
[Black "Fridman, Daniel"]
[Result "1/2-1/2"]
[WhiteTitle "GM"]
[BlackTitle "GM"]
[WhiteElo "2711"]
[BlackElo "2649"]
[WhiteFideId "4116992"]
[BlackFideId "11600454"]
[EventDate "2015.10.13"]

1. e4 e5 2. Nf3 Nf6 3. Nxe5 d6 4. Nf3 Nxe4 5. d4 d5 6. Bd3 Nc6 7. O-O Be7 8. Re1
Bg4 9. c3 f5 10. Qb3 O-O 11. Nbd2 Na5 12. Qc2 Nc6 13. b4 a6 14. Rb1 b5 15. a4
Rb8 16. Ra1 Rb6 17. axb5 axb5 18. h3 Bh5 19. Be2 Bh4 20. Rf1 Bf6 21. Nb3 Ne7 22.
Nc5 Ng6 23. Ra3 Bxf3 24. Bxf3 Nh4 25. Bd1 Be7 26. Bf4 Bg5 27. Nd3 Rg6 28. g3 Rh6
29. Qc1 Ng6 30. Kg2 Nxf4+ 31. Nxf4 Qd6 32. Qe3 Rg6 33. Kh2 Rh6 34. Kg2 Rg6 35.
Kh2 Rh6 1/2-1/2

[Event "World Blitz 2015"]
[Site "Berlin GER"]
[Date "2015.10.13"]
[Round "9.18"]
[White "Guseinov, Gadir"]
[Black "Grischuk, Alexander"]
[Result "0-1"]
[WhiteTitle "GM"]
[BlackTitle "GM"]
[WhiteElo "2634"]
[BlackElo "2774"]
[WhiteFideId "13401378"]
[BlackFideId "4126025"]
[EventDate "2015.10.13"]

1. e4 c5 2. Nf3 d6 3. Bb5+ Nd7 4. c3 Nf6 5. Qe2 a6 6. Ba4 b5 7. Bc2 Bb7 8. O-O
e6 9. d4 Be7 10. Re1 O-O 11. Nbd2 Qc7 12. Nf1 cxd4 13. cxd4 Rac8 14. Bd3 e5 15.
Ng3 exd4 16. Nxd4 Rfe8 17. Bf4 Ne5 18. Ndf5 Bf8 19. Rac1 Qa5 20. Rxc8 Bxc8 21.
Bb1 d5 22. Bd2 Qd8 23. exd5 Nc4 24. Ne3 Bb7 25. b3 Nxe3 26. Bxe3 Nxd5 27. Qd3 g6
28. Bd2 Rxe1+ 29. Bxe1 Qf6 30. Bd2 Nf4 31. Bxf4 Qxf4 32. h3 Bc5 33. Qc2 Qxg3 34.
Qd1 0-1

[Event "World Blitz 2015"]
[Site "Berlin GER"]
[Date "2015.10.13"]
[Round "9.19"]
[White "Wojtaszek, Radoslaw"]
[Black "Navara, David"]
[Result "1-0"]
[WhiteTitle "GM"]
[BlackTitle "GM"]
[WhiteElo "2734"]
[BlackElo "2734"]
[WhiteFideId "1118358"]
[BlackFideId "309095"]
[EventDate "2015.10.13"]

1. d4 Nf6 2. c4 e6 3. Nf3 b6 4. g3 Ba6 5. Qc2 Bb7 6. Bg2 c5 7. d5 exd5 8. cxd5
Nxd5 9. O-O Nc6 10. Rd1 Be7 11. a3 Nc7 12. Bf4 Ne6 13. e3 O-O 14. Nc3 Nxf4 15.
gxf4 Re8 16. Rd2 d6 17. Rad1 Rb8 18. Nd5 Qd7 19. Nxe7+ Nxe7 20. Rxd6 Qg4 21. h3
Qh5 22. Ng5 Bxg2 23. Kxg2 Ng6 24. Nf3 Nh4+ 25. Nxh4 Qxh4 26. Qf5 g6 27. Qd5 Re7
28. Rd8+ Re8 29. Rd7 Re7 30. Rd8+ Re8 31. Rxb8 Rxb8 32. Qd7 Qf6 33. Qxa7 Rf8 34.
Rd2 Qc6+ 35. Kh2 c4 36. Qe7 1-0

[Event "World Blitz 2015"]
[Site "Berlin GER"]
[Date "2015.10.13"]
[Round "9.20"]
[White "Akopian, Vladimir"]
[Black "Anand, Viswanathan"]
[Result "1/2-1/2"]
[WhiteTitle "GM"]
[BlackTitle "GM"]
[WhiteElo "2648"]
[BlackElo "2803"]
[WhiteFideId "13300032"]
[BlackFideId "5000017"]
[EventDate "2015.10.13"]

1. e4 c5 2. Nf3 d6 3. d4 cxd4 4. Nxd4 Nf6 5. Nc3 a6 6. Be3 e5 7. Nb3 Be6 8. f3
h5 9. Qd2 Nbd7 10. O-O-O Be7 11. Kb1 Rc8 12. g3 b5 13. Nd5 Bxd5 14. exd5 Nb6 15.
Bxb6 Qxb6 16. Na5 Rc5 17. c4 bxc4 18. Nxc4 Qb7 19. Ne3 O-O 20. Bd3 Rb8 21. Rc1
Rbc8 22. Rxc5 Rxc5 23. Rc1 Rxc1+ 24. Qxc1 g6 25. a3 Qb6 26. Qd2 Qd4 27. Kc2 Bf8
28. Bc4 Qb6 29. Qd3 Bh6 30. Nd1 Qg1 31. Qe2 a5 32. Kb3 Nd7 33. Ka2 Nb6 34. Nc3
Nxc4 35. Qxc4 Qxh2 36. Ne4 Bf8 37. Nf6+ Kg7 38. Ne8+ Kh8 39. Qc7 Kg8 40. Nf6+
Kg7 41. Ne8+ Kg8 42. Nf6+ Kg7 43. Ne8+ Kg8 44. Nf6+ Kg7 1/2-1/2

[Event "World Blitz 2015"]
[Site "Berlin GER"]
[Date "2015.10.13"]
[Round "9.23"]
[White "Dreev, Aleksey"]
[Black "Bartel, Mateusz"]
[Result "0-1"]
[WhiteTitle "GM"]
[BlackTitle "GM"]
[WhiteElo "2644"]
[BlackElo "2622"]
[WhiteFideId "4100107"]
[BlackFideId "1112635"]
[EventDate "2015.10.13"]

1. d4 e6 2. c4 Bb4+ 3. Nd2 d5 4. e3 Nf6 5. Nf3 O-O 6. a3 Be7 7. b3 b6 8. Bb2 Bb7
9. Bd3 Ne4 10. Qc2 f5 11. Rc1 c6 12. Ne5 Nxd2 13. Qxd2 Nd7 14. Nxd7 Qxd7 15. O-O
a5 16. Rfd1 Ba6 17. Rc2 a4 18. cxd5 cxd5 19. Bxa6 axb3 20. Rc3 Rxa6 21. Rxb3 Rc8
22. g3 Rc4 23. Rb1 Qc6 24. Kg2 Kf7 25. Qd3 b5 26. Qd1 g6 27. Qd2 Rc2 28. Qd1 Qc4
29. Rd3 Rc6 30. Ba1 Qa2 31. Qe1 Rxf2+ 32. Qxf2 Qxb1 33. Rc3 Rxc3 34. Bxc3 Bxa3
35. Qe2 Be7 36. Ba5 b4 37. Qb5 Qc2+ 38. Kf3 g5 39. h3 h5 40. g4 hxg4+ 41. hxg4
Qe4+ 42. Kf2 f4 43. exf4 Qxd4+ 44. Kg2 Qe4+ 45. Kg1 Qxf4 0-1

[Event "World Blitz 2015"]
[Site "Berlin GER"]
[Date "2015.10.13"]
[Round "9.25"]
[White "Hausrath, Daniel"]
[Black "Meier, Georg"]
[Result "1/2-1/2"]
[WhiteTitle "GM"]
[BlackTitle "GM"]
[WhiteElo "2503"]
[BlackElo "2654"]
[WhiteFideId "4617495"]
[BlackFideId "4675789"]
[EventDate "2015.10.13"]

1. Nf3 d5 2. g3 Bg4 3. Bg2 e6 4. O-O Nf6 5. d4 Nbd7 6. Nbd2 Be7 7. Re1 O-O 8. e4
c5 9. exd5 Nxd5 10. Nf1 cxd4 11. Qxd4 Bf5 12. c3 Bf6 13. Qd1 Nc5 14. Ne3 Be4 15.
Nxd5 Bxd5 16. Be3 Rc8 17. Re2 Qc7 18. Bf4 Qb6 19. Ne5 Bxg2 20. Kxg2 Rfd8 21. Qc2
Bxe5 22. Bxe5 Qc6+ 23. Kg1 Nd3 24. Rd1 Nxe5 25. Rxe5 Rd7 26. Rxd7 Qxd7 27. Re4
Qd5 28. a4 e5 29. Qe2 f6 30. f4 Re8 31. fxe5 Rxe5 32. Rxe5 fxe5 33. Kf2 Kf7 34.
Qf3+ Ke6 35. Qg4+ Kf6 36. Qh4+ Ke6 37. Qg4+ Kd6 38. Qxg7 Qd2+ 39. Kf3 Qxb2 40.
Qf6+ Kd5 41. Qf7+ Kd6 1/2-1/2

[Event "World Blitz 2015"]
[Site "Berlin GER"]
[Date "2015.10.13"]
[Round "9.27"]
[White "Iturrizaga Bonelli, Eduardo"]
[Black "Moiseenko, Alexander"]
[Result "0-1"]
[WhiteTitle "GM"]
[BlackTitle "GM"]
[WhiteElo "2641"]
[BlackElo "2692"]
[WhiteFideId "3901211"]
[BlackFideId "14102560"]
[EventDate "2015.10.13"]

1. Nf3 c5 2. c4 Nc6 3. d4 cxd4 4. Nxd4 Nf6 5. g3 e5 6. Nb5 d6 7. Bg2 Be6 8. N1a3
Be7 9. O-O a6 10. Nc3 O-O 11. Bg5 Rc8 12. Qd2 h6 13. Bxf6 Bxf6 14. Rfd1 Qb6 15.
b3 Rfd8 16. Nc2 Bg5 17. e3 Qa7 18. Qd3 Be7 19. Bd5 Rf8 20. Rd2 Kh8 21. Bxe6 fxe6
22. Qg6 Rf6 23. Qg4 Rcf8 24. Ne4 Rf5 25. Qg6 Nd8 26. Nxd6 Bxd6 27. Rxd6 Nf7 28.
Rxe6 Ng5 29. Re8 Rxf2 30. Rxf8+ Rxf8 31. Rf1 Qb8 32. Qd3 e4 33. Qd1 Nf3+ 34. Kg2
Rd8 35. Nd4 Qa7 36. Rf2 b5 37. cxb5 axb5 38. Nxb5 Rxd1 39. Nxa7 g5 40. Kh3 h5
41. g4 Rg1 42. Rg2 Re1 43. gxh5 Rxe3 44. Kg4 Re1 45. Nb5 Ne5+ 46. Kf5 Nd3 47.
Kg6 Nf4+ 48. Kxg5 Nxg2 49. Nd6 e3 50. Kg6 Nf4+ 51. Kg5 e2 0-1

[Event "World Blitz 2015"]
[Site "Berlin GER"]
[Date "2015.10.13"]
[Round "9.28"]
[White "Fressinet, Laurent"]
[Black "Borisek, Jure"]
[Result "1/2-1/2"]
[WhiteTitle "GM"]
[BlackTitle "GM"]
[WhiteElo "2702"]
[BlackElo "2565"]
[WhiteFideId "608742"]
[BlackFideId "14603152"]
[EventDate "2015.10.13"]

1. Nf3 c5 2. c4 Nf6 3. g3 Nc6 4. Nc3 g6 5. Bg2 d6 6. d4 cxd4 7. Nxd4 Bd7 8. Nc2
Bg7 9. b3 O-O 10. Bb2 a6 11. O-O Rb8 12. Nd5 Nxd5 13. Bxg7 Kxg7 14. cxd5 Ne5 15.
h3 Qb6 16. Nd4 Rfc8 17. Qd2 Be8 18. Rac1 Qd8 19. Kh2 Rxc1 20. Rxc1 Rc8 21. f4
Nd7 22. e4 Kg8 23. b4 Nb6 24. Bf1 Rxc1 25. Qxc1 Qc8 26. Qxc8 Nxc8 27. Kg2 Bd7
28. Kf3 Kf8 29. Ke3 Na7 30. h4 Nb5 31. Bxb5 Bxb5 32. a3 Bd7 33. Nb3 Bb5 34. Na5
b6 35. Nb3 e5 36. dxe6 fxe6 37. e5 Ke7 38. Kd4 Bc6 39. Nd2 Bd5 40. Nb1 Kd7 41.
Nc3 Bc6 42. Nd1 Bf3 43. Ne3 Be2 44. a4 a5 45. bxa5 bxa5 46. g4 d5 47. Kc5 h5 48.
g5 Bf3 49. Nc2 Bd1 50. Nd4 Bxa4 51. Kb6 Bd1 52. Kxa5 Bg4 53. Kb6 Bh3 54. Kc5 Bg4
55. Nb5 Bf5 56. Kd4 Kc6 57. Nd6 Kd7 58. Kc5 Bd3 59. Kd4 Bf5 60. Nb7 Kc6 61. Nd6
Kd7 62. Nb5 Kc6 63. Nc3 Kd7 64. Kc5 Kc7 65. Ne2 Kd7 66. Nd4 Bg4 67. Kb6 Bf5 68.
Nb3 Bc2 69. Nc5+ Ke7 70. Kb5 Bf5 71. Nb3 Kd7 72. Kb6 Bc2 73. Nd4 Bf5 74. Kc5 Be4
75. Nc6 Bf5 76. Nb8+ Kc7 77. Na6+ Kb7 78. Nb4 Kc7 79. Na2 Kd7 80. Nc3 Kc7 81.
Ne2 Kd7 82. Ng3 Bg4 83. Kd4 Bf5 84. Nf1 Kc6 85. Ne3 Be4 86. Nd1 Bf5 87. Nc3 Bg4
88. Na4 Bf5 89. Nc3 1/2-1/2

[Event "World Blitz 2015"]
[Site "Berlin GER"]
[Date "2015.10.13"]
[Round "9.29"]
[White "Bogdanovich, Stanislav"]
[Black "Belov, Vladimir"]
[Result "1-0"]
[WhiteTitle "IM"]
[BlackTitle "GM"]
[WhiteElo "2590"]
[BlackElo "2614"]
[WhiteFideId "14115298"]
[BlackFideId "4132394"]
[EventDate "2015.10.13"]

1. Nf3 Nf6 2. c4 c5 3. Nc3 e6 4. d4 cxd4 5. Nxd4 Nc6 6. e3 d5 7. cxd5 exd5 8.
Be2 Bc5 9. O-O O-O 10. h3 Re8 11. Nxc6 bxc6 12. b3 Bd6 13. Bb2 Qe7 14. Na4 Ne4
15. Rc1 Qg5 16. Bg4 Ba6 17. Be2 Bc8 18. Bg4 Ba6 19. Re1 f5 20. f4 Qh4 21. Rxc6
fxg4 22. Rxa6 Qf2+ 23. Kh1 gxh3 24. Rg1 Qg3 25. Qxd5+ Kh8 26. Bxg7+ Qxg7 27.
gxh3 Qf6 28. Nc5 Nxc5 29. Rxd6 Ne6 30. f5 Qh6 31. Qe5+ Ng7 32. Qxe8+ Rxe8 33.
Rxh6 Nxf5 34. Rf6 Re5 35. Rf8# 1-0

[Event "World Blitz 2015"]
[Site "Berlin GER"]
[Date "2015.10.13"]
[Round "9.30"]
[White "Ponomariov, Ruslan"]
[Black "Seirawan, Yasser"]
[Result "1/2-1/2"]
[WhiteTitle "GM"]
[BlackTitle "GM"]
[WhiteElo "2710"]
[BlackElo "2620"]
[WhiteFideId "14103320"]
[BlackFideId "2000032"]
[EventDate "2015.10.13"]

1. e4 c6 2. d4 d5 3. e5 Bf5 4. Nf3 e6 5. Be2 Ne7 6. O-O c5 7. c4 dxc4 8. Na3
Nec6 9. Bg5 f6 10. exf6 gxf6 11. Be3 cxd4 12. Nxd4 Nxd4 13. Bxd4 Nc6 14. Bc3
Bxa3 15. bxa3 Qxd1 16. Rfxd1 Ke7 17. Bxc4 Rhd8 18. Bb3 Rxd1+ 19. Rxd1 Rd8 20.
Rxd8 Nxd8 21. f3 e5 22. Kf2 Be6 23. Ke3 Bxb3 24. axb3 Ke6 25. f4 Nf7 26. fxe5
Nxe5 27. Kd4 h5 28. Bd2 Ng6 29. Ke4 Nh4 30. g3 Ng6 31. Be3 a6 32. a4 Ne5 33. Bf4
Ng4 34. h4 Nf2+ 35. Kd4 Kf5 36. Bc7 Kg4 37. Kc5 Ne4+ 38. Kb6 Nxg3 39. Kxb7 Kxh4
40. b4 Kg4 41. Bxg3 Kxg3 42. Kxa6 h4 43. b5 h3 44. b6 h2 45. b7 h1=Q 46. b8=Q+
Kg4 47. Qb4+ Kg5 48. Qd2+ Kg4 49. Qd4+ Kg5 50. a5 Qa8+ 51. Kb5 Qb7+ 52. Kc4 f5
53. Qg1+ Kh4 54. Qf2+ Kg4 55. Qe2+ Kg3 56. Qe1+ Kg4 57. Qg1+ Kh4 58. Qd4+ Kg3
59. Qe3+ Kg4 60. Qe6 Qc7+ 61. Kb4 Qb8+ 62. Ka4 Qf4+ 63. Kb5 Qb8+ 64. Kc5 Qc7+
65. Kb4 Qb7+ 66. Ka3 Qf3+ 67. Ka4 Qe4+ 68. Qxe4+ fxe4 69. a6 e3 70. a7 e2 71.
a8=Q e1=Q 72. Qg2+ 1/2-1/2

[Event "World Blitz 2015"]
[Site "Berlin GER"]
[Date "2015.10.13"]
[Round "9.34"]
[White "Sethuraman, S.P."]
[Black "Nguyen, Ngoc Truong Son"]
[Result "0-1"]
[WhiteTitle "GM"]
[BlackTitle "GM"]
[WhiteElo "2640"]
[BlackElo "2634"]
[WhiteFideId "5021596"]
[BlackFideId "12401110"]
[EventDate "2015.10.13"]

1. d4 Nf6 2. Nc3 d5 3. Bf4 e6 4. e3 c5 5. dxc5 Bxc5 6. Qd2 Nc6 7. Nf3 Bb4 8. Bd3
Ne4 9. Bxe4 dxe4 10. Qxd8+ Nxd8 11. Nd2 Bxc3 12. bxc3 f5 13. Nc4 Bd7 14. Rd1 Nf7
15. Ne5 Nxe5 16. Bxe5 Rg8 17. f4 exf3 18. gxf3 Bc6 19. Kf2 Kf7 20. Rd4 Rad8 21.
Rhd1 Rd5 22. f4 g5 23. Rxd5 Bxd5 24. c4 Bc6 25. fxg5 Rxg5 26. Bg3 Rg4 27. Rd4
Rg8 28. Rh4 Kg6 29. Bf4 h5 30. Rh3 Kf6 31. Rg3 Rc8 32. Bg5+ Kf7 33. Bh6 Be4 34.
Rg7+ Kf6 35. Rd7 Rxc4 36. Bg7+ Kg6 37. c3 Ra4 38. Be5 Rxa2+ 39. Kg3 Rg2+ 40. Kh3
Kh6 41. Bf4+ Kg6 42. Be5 Re2 43. Rg7+ Kh6 44. Rg3 a5 45. Bf4+ Kh7 46. Kh4 Rxh2+
47. Kg5 Rg2 48. Rxg2 Bxg2 49. Kxh5 Bd5 50. Kg5 Kg7 51. Bd6 b5 52. Kf4 Kf6 53.
Bc7 a4 54. Bd6 Bc4 55. Kf3 e5 56. e4 f4 57. Ba3 Be6 58. Bb4 Bd7 59. Ba3 Bc8 60.
Bb4 Ke6 61. Ba3 Bd7 62. Bb4 Be8 63. Ba3 Bh5+ 64. Kf2 Bg4 65. Bb4 Kf6 66. Bd6 Be6
67. Ba3 Bc4 68. Bd6 Kg5 69. Kf3 Kf6 70. Ba3 Bb3 71. Bd6 Bd1+ 72. Kf2 Kg5 73. Ba3
Kg4 74. Bd6 Bf3 75. Bxe5 a3 76. c4 bxc4 77. Bc3 Bxe4 78. Bd4 Kf5 79. Bc3 Bc2 80.
Ke2 Ke4 81. Kf2 Bd1 82. Ba1 0-1

[Event "World Blitz 2015"]
[Site "Berlin GER"]
[Date "2015.10.13"]
[Round "9.35"]
[White "Ponkratov, Pavel"]
[Black "Bezold, Michael"]
[Result "1-0"]
[WhiteTitle "GM"]
[BlackTitle "GM"]
[WhiteElo "2604"]
[BlackElo "2509"]
[WhiteFideId "4157800"]
[BlackFideId "4601718"]
[EventDate "2015.10.13"]

1. d4 g6 2. e4 Bg7 3. Nc3 d6 4. Be3 a6 5. h4 h6 6. h5 g5 7. g3 Nf6 8. Be2 Nc6 9.
f4 gxf4 10. gxf4 e5 11. dxe5 dxe5 12. Qxd8+ Kxd8 13. O-O-O+ Ke8 14. fxe5 Ng4 15.
Bxg4 Bxg4 16. Rd2 Bxe5 17. Rh4 Be6 18. Nd5 Ne7 19. Nf3 Bxd5 20. exd5 Bd6 21. Nd4
Kd7 22. c4 Rag8 23. Rh3 f5 24. Rf3 Rg4 25. b3 Re4 26. Kc2 Re8 27. Bxh6 Rh8 28.
Bg5 Rxh5 29. Bxe7 Bxe7 30. Nxf5 Bb4 31. Ng3 Bxd2 32. Nxe4 Bg5 33. Rf7+ Kd8 34.
Nc5 Rh2+ 35. Kd3 Bc1 36. Nxb7+ Ke8 37. Rxc7 Rxa2 38. Nd6+ Kd8 39. Ra7 Bf4 40.
Ne4 Rb2 41. Nc5 Bd6 42. Nb7+ Kc7 43. Nxd6+ Kxd6 44. Rxa6+ Kc7 45. Kc3 Rf2 1-0